| 000 | 01943cam a2200301 ia4500 | ||
|---|---|---|---|
| 003 | OSt | ||
| 005 | 20250105120901.0 | ||
| 008 | 250105s2016 su f 000 0 ara c | ||
| 024 | 0 | _a00000000282135 | |
| 040 |
_aSA-MaUQU _bara _cSA-RiAUC _dKAC _erda |
||
| 082 | 0 | 4 |
_a255.9 _qSA-RiAUC |
| 090 |
_a255.9 _b ط و ي |
||
| 100 | 1 |
_aالطويرقي، إيمان بنت سعد بن عبد الله _eمؤلف. |
|
| 245 | 1 | 0 |
_aأحكام الاعتداء على الأطفال في الفقه الإسلامي / _cإيمان بنت سعد بن عبد الله الطويرقي. |
| 250 | _aالطبعة الأولى. | ||
| 264 | 1 |
_aالرياض : _bمكتبة الرشد ناشرون، _c2016 |
|
| 300 |
_a2 مجلد ؛ _c24 × 17 سم. |
||
| 336 |
_aنص _btxt _2rdacontent _3كتاب |
||
| 337 |
_aبدون وسيط _bn _2rdamedia |
||
| 338 |
_aمجلد _bnc _2rdacarrier |
||
| 490 | 0 |
_aسلسلة الرشد للرسائل الجامعية ؛ _v271 |
|
| 500 | _aالأصل أطروحة دكتوراة-جامعة أم القرى. | ||
| 504 | _aيشتمل على إرجاعات ببليوجرافية. | ||
| 505 | 0 | _aالمحتويات : المقدمة-الفصل التمهيدي : الطفل وبيان حقوقه-الفصل الأول : الاعتداء(مفهومه-أنواعه-أسبابه-حكمه)-الفصل الثاني : الإعتداء الجنسي على الأطفال-الفصل الثالث : أحكام الاعتداء على عقول الأطفال-الفصل الرابع : الاعتداء على أعراض الأطفال-الفصل الخامس : أحكام الاعتداء على أموال الأطفال، التمهيد : في حفظ المال في الشريعة الإسلامية، المبحث الأول : اعتداء الوالي على مال الطفل. | |
| 650 | 7 |
_aالأطفال _xعنف ضد _xجوانب دينية _2aucsh |
|
| 942 |
_2ddc _cBOOK _n0 |
||
| 949 |
_aSA-JeALM _d250105 _umohamedma123 _n1 |
||
| 999 |
_c4463 _d4463 |
||